<?xml version="1.0" encoding="UTF-8"?>
<collection xmlns="http://www.loc.gov/MARC21/slim">
 <record>
  <leader>01001nam a22002411a 4500</leader>
  <controlfield tag="001">1/19427</controlfield>
  <controlfield tag="008">021120s1999    caua     b    001 0 eng d</controlfield>
  <datafield tag="020" ind1=" " ind2=" ">
   <subfield code="a">0769300243</subfield>
  </datafield>
  <datafield tag="035" ind1=" " ind2=" ">
   <subfield code="l">19994</subfield>
  </datafield>
  <datafield tag="040" ind1=" " ind2=" ">
   <subfield code="a">DLC</subfield>
   <subfield code="b">GR-PeUP</subfield>
  </datafield>
  <datafield tag="082" ind1="0" ind2="0">
   <subfield code="a">617.1 CL</subfield>
  </datafield>
  <datafield tag="100" ind1="1" ind2=" ">
   <subfield code="a">Claiborne, Denise Kenny.</subfield>
  </datafield>
  <datafield tag="245" ind1="1" ind2="0">
   <subfield code="a">Ergonomics and cumulative trauma disorders :</subfield>
   <subfield code="b">a handbook for occupational therapists /</subfield>
   <subfield code="c">Denise Kenny Claiborne, Nancy J. Powell, Kathleen Reynolds-Lynch.</subfield>
  </datafield>
  <datafield tag="260" ind1=" " ind2=" ">
   <subfield code="a">San Diego :</subfield>
   <subfield code="b">Singular Pub. Group,</subfield>
   <subfield code="c">1999.</subfield>
  </datafield>
  <datafield tag="300" ind1=" " ind2=" ">
   <subfield code="a">viii, 82 p. :</subfield>
   <subfield code="b">ill. ;</subfield>
   <subfield code="c">28 cm.</subfield>
  </datafield>
  <datafield tag="504" ind1=" " ind2=" ">
   <subfield code="a">Includes bibliographical references and index.</subfield>
  </datafield>
  <datafield tag="650" ind1=" " ind2="4">
   <subfield code="a">Overuse injuries</subfield>
   <subfield code="x">Prevention</subfield>
   <subfield code="v">Handbooks, manuals, etc.</subfield>
  </datafield>
  <datafield tag="650" ind1=" " ind2="4">
   <subfield code="a">Human engineering</subfield>
   <subfield code="v">Handbooks, manuals, etc.</subfield>
  </datafield>
  <datafield tag="650" ind1=" " ind2="4">
   <subfield code="a">Occupational therapy services</subfield>
   <subfield code="v">Handbooks, manuals, etc.</subfield>
  </datafield>
  <datafield tag="700" ind1="1" ind2=" ">
   <subfield code="a">Powell, Nancy J.</subfield>
  </datafield>
  <datafield tag="700" ind1="1" ind2=" ">
   <subfield code="a">Reynolds-Lynch, Kathleen.</subfield>
  </datafield>
  <datafield tag="852" ind1=" " ind2=" ">
   <subfield code="a">INST</subfield>
   <subfield code="b">UNIPILB</subfield>
   <subfield code="c">MAIN</subfield>
   <subfield code="e">20040709</subfield>
   <subfield code="h">617.1 CL</subfield>
   <subfield code="p">00140394</subfield>
   <subfield code="q">00140394</subfield>
   <subfield code="t">LOAN</subfield>
   <subfield code="y">0</subfield>
   <subfield code="4">1</subfield>
  </datafield>
  <datafield tag="856" ind1="4" ind2=" ">
   <subfield code="d">/webopac/covers/01/19994_0769300243.jpg</subfield>
  </datafield>
 </record>
</collection>
